000 00886nam a2200277Ia 4500
003 GCL
008 140319s9999 xx 000 0 ara d
040 _aGCL /
_cGCL
082 0 4 _a301.4
_bو ش
100 1 _aوليد طافش
245 1 0 _aالشباب ومعركة الحياة المعاصرة /
_cوليد طافش
300 _a162 ص
490 _a
650 0 4 _aالعصر الحديث
650 0 4 _aالمخدرات والشباب
650 0 4 _aالعلاقات الانسانية
650 0 4 _aالعقاقير والشباب
650 0 4 _aعلم النفس الاجتماعى
650 0 4 _aالشباب
650 0 4 _aالامراض النفسية
650 0 4 _aالاجتماع، علم
650 0 4 _aالصراع الاجتماعى
650 0 4 _aالتكيف الاجتماعى
650 0 4 _aالاخلاق الجنسية للشباب
942 _2ddc
_cBK
999 _c39803
_d39803